000 00340nam a2200121Ia 4500
008 220204s9999 xx 000 0 und d
082 _a338.43.01
_bNAB.23
100 _aBathla, Seema
245 0 _aInstitutional credit to Indian agriculture : Defaults and policy options
260 _bNABARD
_c2002
700 _aGulati, Ashok
942 _cBK
999 _c44014
_d44014